000 00429nam a2200169 4500
001 3636
005 20181127171642.0
010 0 0 _a
020 0 0 _a9781482500639
090 0 0 _aFIC P3141i
100 0 0 _aPatra, Sondeep.
245 0 0 _aIn praise of the lord :
_bThe 10th Avatar, 2300AD, Buddha's prophesy /
_cSondeep Patra.
_h
250 0 0 _a
260 0 0 _aCharleston, NC :
_bAmazon.com,
_c2013.
300 0 0 _a281 p. ; 16cm.
500 0 0 _a
999 _c2962
_d2962